000
00309nam a2200121Ia 4500
008
190216s9999||||xx |||||||||||||| ||und||
100
_a
Proakis John G And Manola Kiso G
245
0
_a
Digital Signal Processing
260
_b
Prentice Hall Of India Pvt Ltd
300
_a
968
650
_a
Physics
942
_c
BK
999
_c
33991
_d
33991